00334nam a2200109Ia 4500008004100000082000800041100001800049245004100067942000600108952009500114999001500209240331s9999 xx 000 0 und d bPON aPonnambalam,M 0aMutintupona tacaiyatal patriya katai cL 001040708LaWERCLbWERCLcSSCd2024-03-31l0o 823 PONp2050r2024-03-31w2024-03-31yL c1314d1314